| 000 | 00477nam a2200181 4500 | ||
|---|---|---|---|
| 005 | 20260420123415.0 | ||
| 008 | 260420b |||||||| |||| 00| 0 eng d | ||
| 020 | _a978-1285774770 | ||
| 082 |
_a515 _bLAR-C |
||
| 100 | _aLarson, Ron | ||
| 245 |
_aCalculus: _b Early Transcendental Functions |
||
| 250 |
_a6th Edi. _bV-(i),(ii) |
||
| 260 |
_aSingapore: _bCengage Learning, _c2015 |
||
| 300 | _axiv, 646p | ||
| 650 | _aMathematics | ||
| 700 | _aEdwards, Bruce | ||
| 942 | _cBK | ||
| 999 |
_c47346 _d47346 |
||